| 000 | 00614nam a2200229Ia 4500 | ||
|---|---|---|---|
| 003 | OSt | ||
| 005 | 20220924144949.0 | ||
| 006 | a|||||r|||| 00| 0 | ||
| 007 | ta | ||
| 008 | 220923b |||||||| |||| 00| 0 per d | ||
| 024 | _a324935 | ||
| 037 | _cTextual | ||
| 040 |
_aARTS _cARTS _bper |
||
| 041 |
_2per _aper |
||
| 082 | _aV2:1.H2, 164J7.1 | ||
| 100 |
_aRasheed Shekh Abdul Au. _9218778 |
||
| 245 | 0 | _aTareekh-e-Firozshahi | |
| 260 | _c1957 | ||
| 650 |
_aINDIA - HISTORY - KING _9155403 |
||
| 942 |
_hV2:1.H2, 164J7.1 _cTEXL _2CC |
||
| 999 |
_c458755 _d458755 |
||